[Event "MSR_ch20"]
[Site "?"]
[Date "2024.04.11"]
[Round "8.2"]
[White "Turcan, Richard"]
[Black "Petrek, Dominik"]
[Result "0-1"]
[BlackElo "2249"]
[WhiteElo "2365"]
[LiveChessVersion "1.4.8"]

1. e4 {[%clk 1:30:49]} e6 {[%clk 1:30:49]} 2. d4 {[%clk 1:30:52]} d5
{[%clk 1:31:15]} 3. Nd2 {[%clk 1:31:12]} c5 {[%clk 1:31:20]} 4. exd5
{[%clk 1:31:32]} Qxd5 {[%clk 1:31:40]} 5. Ngf3 {[%clk 1:31:55]} cxd4
{[%clk 1:32:04]} 6. Bc4 {[%clk 1:31:56]} Qd7 {[%clk 1:32:12]} 7. O-O
{[%clk 1:32:09]} Nc6 {[%clk 1:32:33]} 8. Nb3 {[%clk 1:31:39]} a6 {[%clk 1:32:49]}
9. a4 {[%clk 1:31:28]} Nf6 {[%clk 1:31:22]} 10. Qe2 {[%clk 1:31:46]} Bd6
{[%clk 1:31:07]} 11. Rd1 {[%clk 1:31:23]} e5 {[%clk 1:28:48]} 12. Nbxd4
{[%clk 1:31:13]} Nxd4 {[%clk 1:29:06]} 13. Rxd4 {[%clk 1:17:01]} Qe7
{[%clk 1:24:29]} 14. Rh4 {[%clk 1:16:02]} Bf5 {[%clk 1:20:35]} 15. Bg5
{[%clk 1:12:39]} O-O {[%clk 1:07:06]} 16. Bd5 {[%clk 0:50:09]} Rac8
{[%clk 0:55:13]} 17. Be4 {[%clk 0:48:51]} Bxe4 {[%clk 0:51:01]} 18. Rxe4
{[%clk 0:47:54]} h6 {[%clk 0:38:13]} 19. Bxf6 {[%clk 0:46:00]} Qxf6
{[%clk 0:38:38]} 20. c3 {[%clk 0:39:51]} Rfe8 {[%clk 0:31:39]} 21. Re1
{[%clk 0:38:53]} Re7 {[%clk 0:27:01]} 22. Nxe5 {[%clk 0:32:02]} Rce8
{[%clk 0:25:33]} 23. Ng4 {[%clk 0:18:57]} Qf4 {[%clk 0:16:29]} 24. f3
{[%clk 0:16:37]} Rxe4 {[%clk 0:15:42]} 25. fxe4 {[%clk 0:16:57]} h5
{[%clk 0:13:49]} 26. Nf2 {[%clk 0:16:54]} Qxh2+ {[%clk 0:14:09]} 27. Kf1
{[%clk 0:17:21]} Re6 {[%clk 0:14:05]} 28. Qe3 {[%clk 0:14:12]} Bg3
{[%clk 0:13:39]} 29. Re2 {[%clk 0:13:28]} Rf6 {[%clk 0:13:36]} 30. Ke1
{[%clk 0:13:30]} Qg1+ {[%clk 0:13:53]} 0-1

[Event "MSR_ch20"]
[Site "?"]
[Date "2024.04.11"]
[Round "8.3"]
[White "Libich, Simon"]
[Black "Skreko, Igor"]
[Result "1-0"]
[BlackElo "2165"]
[WhiteElo "1891"]
[LiveChessVersion "1.4.8"]

1. e4 {[%clk 1:30:56]} c5 {[%clk 1:30:01]} 2. Nf3 {[%clk 1:31:21]} d6
{[%clk 1:30:28]} 3. d4 {[%clk 1:31:47]} cxd4 {[%clk 1:30:55]} 4. Nxd4
{[%clk 1:31:53]} Nf6 {[%clk 1:31:23]} 5. Nc3 {[%clk 1:32:18]} a6 {[%clk 1:31:51]}
6. Rg1 {[%clk 1:32:44]} e5 {[%clk 1:29:54]} 7. Nb3 {[%clk 1:33:06]} Be6
{[%clk 1:28:42]} 8. g4 {[%clk 1:33:25]} d5 {[%clk 1:28:20]} 9. g5
{[%clk 1:33:19]} Nxe4 {[%clk 1:28:35]} 10. Nxe4 {[%clk 1:33:45]} dxe4
{[%clk 1:29:01]} 11. Qxd8+ {[%clk 1:34:06]} Kxd8 {[%clk 1:29:28]} 12. Bg2
{[%clk 1:34:17]} Nc6 {[%clk 1:25:21]} 13. Be3 {[%clk 1:22:49]} Kc7
{[%clk 1:24:00]} 14. O-O-O {[%clk 1:12:28]} Bf5 {[%clk 1:15:01]} 15. Nd2
{[%clk 1:02:26]} Be7 {[%clk 1:12:49]} 16. Bxe4 {[%clk 1:00:33]} Bxe4
{[%clk 1:12:59]} 17. Nxe4 {[%clk 1:00:58]} Rad8 {[%clk 1:12:09]} 18. c3
{[%clk 0:54:07]} Rxd1+ {[%clk 1:05:09]} 19. Rxd1 {[%clk 0:53:56]} Rd8
{[%clk 1:04:45]} 20. Rxd8 {[%clk 0:52:14]} Nxd8 {[%clk 1:04:23]} 21. Kc2
{[%clk 0:45:09]} Kd7 {[%clk 1:02:00]} 22. Kd3 {[%clk 0:40:11]} Ke6
{[%clk 1:00:30]} 23. Ng3 {[%clk 0:34:49]} f5 {[%clk 0:54:57]} 24. gxf6
{[%clk 0:33:37]} gxf6 {[%clk 0:54:50]} 25. Ke4 {[%clk 0:31:44]} Nf7
{[%clk 0:53:04]} 26. Nf5 {[%clk 0:27:47]} Nd6+ {[%clk 0:52:24]} 27. Nxd6
{[%clk 0:28:11]} Bxd6 {[%clk 0:52:50]} 28. h3 {[%clk 0:22:31]} f5+
{[%clk 0:52:45]} 29. Kd3 {[%clk 0:21:19]} e4+ {[%clk 0:50:10]} 30. Ke2
{[%clk 0:04:52]} f4 {[%clk 0:48:37]} 31. Bb6 {[%clk 0:03:25]} Kd5
{[%clk 0:45:29]} 32. Bd8 {[%clk 0:02:29]} Bc5 {[%clk 0:43:42]} 33. f3
{[%clk 0:00:44]} Ke5 {[%clk 0:41:22]} 34. Bh4 {[%clk 0:00:40]} Kf5
{[%clk 0:41:24]} 35. Bd8 {[%clk 0:00:35]} e3 {[%clk 0:40:54]} 36. Kd3
{[%clk 0:00:40]} Bd6 {[%clk 0:40:46]} 37. Bh4 {[%clk 0:00:46]} Be5
{[%clk 0:40:46]} 38. a4 {[%clk 0:00:51]} Bf6 {[%clk 0:40:07]} 39. Be1
{[%clk 0:01:10]} Kg5 {[%clk 0:39:46]} 40. Ke4 {[%clk 0:01:13]} Kh5
{[%clk 0:31:11]} 41. Kxf4 {[%clk 0:27:57]} Bg5+ {[%clk 0:59:37]} 42. Ke4
{[%clk 0:28:06]} e2 {[%clk 0:58:34]} 43. Kd3 {[%clk 0:27:57]} Bh4
{[%clk 0:53:05]} 44. Kxe2 {[%clk 0:21:40]} Bxe1 {[%clk 0:52:57]} 45. Kxe1
{[%clk 0:22:05]} Kh4 {[%clk 0:53:16]} 46. f4 {[%clk 0:22:16]} h5 {[%clk 0:51:40]}
47. Kf2 {[%clk 0:21:47]} Kxh3 {[%clk 0:51:30]} 48. f5 {[%clk 0:22:08]} 1-0

[Event "MSR_ch20"]
[Site "?"]
[Date "2024.04.11"]
[Round "8.4"]
[White "Zetocha, Adrian"]
[Black "Bochnicka, Vladimir"]
[Result "1/2-1/2"]
[BlackElo "2421"]
[WhiteElo "2134"]
[LiveChessVersion "1.4.8"]

1. d4 {[%clk 1:30:54]} d5 {[%clk 1:30:53]} 2. c4 {[%clk 1:26:32]} e6
{[%clk 1:31:16]} 3. Nc3 {[%clk 1:25:54]} c5 {[%clk 1:31:39]} 4. e3
{[%clk 1:20:31]} Nf6 {[%clk 1:31:05]} 5. Nf3 {[%clk 1:20:42]} Nc6
{[%clk 1:31:01]} 6. a3 {[%clk 1:15:52]} dxc4 {[%clk 1:30:15]} 7. Bxc4
{[%clk 1:16:05]} a6 {[%clk 1:30:34]} 8. dxc5 {[%clk 1:10:05]} Qxd1+
{[%clk 1:29:13]} 9. Kxd1 {[%clk 1:08:50]} Bxc5 {[%clk 1:28:27]} 10. b4
{[%clk 1:08:35]} Be7 {[%clk 1:25:38]} 11. Bb2 {[%clk 1:05:14]} O-O
{[%clk 1:23:34]} 12. Ke2 {[%clk 1:03:23]} b5 {[%clk 1:22:12]} 13. Bd3
{[%clk 0:55:37]} Bb7 {[%clk 1:18:29]} 14. Rhd1 {[%clk 0:55:54]} Rfd8
{[%clk 1:03:46]} 15. Rab1 {[%clk 0:44:30]} Nd7 {[%clk 0:56:38]} 16. Be4
{[%clk 0:36:23]} Nb6 {[%clk 0:50:26]} 17. Rxd8+ {[%clk 0:33:31]} Nxd8
{[%clk 0:41:03]} 18. Nd2 {[%clk 0:32:03]} Rc8 {[%clk 0:39:22]} 19. Rc1
{[%clk 0:22:03]} f5 {[%clk 0:32:28]} 20. Bxb7 {[%clk 0:18:54]} Nxb7
{[%clk 0:32:50]} 21. Nd1 {[%clk 0:19:07]} Rxc1 {[%clk 0:32:30]} 22. Bxc1
{[%clk 0:19:31]} Nd6 {[%clk 0:32:39]} 23. Kd3 {[%clk 0:19:25]} e5
{[%clk 0:28:39]} 24. e4 {[%clk 0:17:09]} g6 {[%clk 0:28:47]} 25. exf5
{[%clk 0:13:42]} gxf5 {[%clk 0:28:49]} 26. Ne3 {[%clk 0:10:55]} Kf7
{[%clk 0:27:56]} 27. f3 {[%clk 0:08:42]} Ke6 {[%clk 0:17:05]} 28. Nb3
{[%clk 0:09:01]} Nd7 {[%clk 0:11:41]} 29. g3 {[%clk 0:07:12]} Bg5
{[%clk 0:07:46]} 30. Nc2 {[%clk 0:05:40]} Bxc1 {[%clk 0:07:09]} 31. Nxc1
{[%clk 0:06:09]} Nc4 {[%clk 0:07:24]} 32. Nb3 {[%clk 0:05:26]} Kd5
{[%clk 0:06:53]} 33. h3 {[%clk 0:04:10]} Ndb6 {[%clk 0:04:41]} 34. Nc5 a5
{[%clk 0:04:14]} 35. bxa5 {[%clk 0:03:29]} Nxa5 {[%clk 0:04:00]} 36. Na6
{[%clk 0:03:38]} e4+ {[%clk 0:03:51]} 37. fxe4+ {[%clk 0:03:05]} fxe4+
{[%clk 0:04:17]} 38. Ke3 {[%clk 0:01:56]} Ke5 {[%clk 0:04:38]} 39. Nc7
{[%clk 0:02:20]} Nd5+ {[%clk 0:05:02]} 40. Nxd5 {[%clk 0:28:41]} Kxd5
{[%clk 0:27:06]} 41. Kf4 Nb7 42. g4 {[%clk 0:27:41]} Nc5 {[%clk 0:26:37]} 43. h4
{[%clk 0:20:39]} Ne6+ {[%clk 0:25:01]} 44. Ke3 {[%clk 0:19:22]} Ke5
{[%clk 0:25:27]} 45. h5 {[%clk 0:06:52]} h6 {[%clk 0:19:24]} 46. g5
{[%clk 0:07:16]} Nxg5 {[%clk 0:17:12]} 47. Nd4 {[%clk 0:07:39]} Nh7
{[%clk 0:15:55]} 48. Nxb5 {[%clk 0:07:04]} Nf6 {[%clk 0:16:22]} 49. Nc3
{[%clk 0:04:20]} Ng4+ {[%clk 0:15:35]} 50. Ke2 {[%clk 0:04:05]} Kd4
{[%clk 0:15:41]} 51. a4 {[%clk 0:03:21]} Nf6 {[%clk 0:14:14]} 52. a5
{[%clk 0:02:30]} Kc5 {[%clk 0:12:34]} 53. Ke3 {[%clk 0:02:28]} Nxh5
{[%clk 0:12:54]} 54. Kxe4 {[%clk 0:02:38]} Nf6+ {[%clk 0:13:05]} 55. Kf5
{[%clk 0:02:36]} Nd7 {[%clk 0:13:24]} 56. Kg6 {[%clk 0:02:40]} 1/2-1/2

[Event "MSR_ch20"]
[Site "?"]
[Date "2024.04.11"]
[Round "8.6"]
[White "Brnusak, Tomas"]
[Black "Salgovic, Simon"]
[Result "0-1"]
[BlackElo "2059"]
[WhiteElo "2192"]
[LiveChessVersion "1.4.8"]

1. e4 {[%clk 1:30:54]} Nc6 {[%clk 1:29:56]} 2. Nc3 {[%clk 1:29:10]} e5
{[%clk 1:25:03]} 3. Nf3 {[%clk 1:28:28]} Nf6 {[%clk 1:23:59]} 4. g3
{[%clk 1:28:48]} d5 {[%clk 1:14:46]} 5. exd5 {[%clk 1:28:15]} Nxd5
{[%clk 1:15:08]} 6. Bg2 {[%clk 1:28:29]} Nxc3 {[%clk 1:13:29]} 7. bxc3
{[%clk 1:28:50]} Bd6 {[%clk 1:11:11]} 8. O-O {[%clk 1:28:26]} Bg4
{[%clk 1:07:15]} 9. h3 {[%clk 1:27:08]} Bh5 {[%clk 1:06:42]} 10. Rb1
{[%clk 1:22:08]} Rb8 {[%clk 1:00:00]} 11. d3 {[%clk 1:09:25]} O-O
{[%clk 0:42:11]} 12. Qe1 {[%clk 0:45:47]} f5 {[%clk 0:26:44]} 13. c4
{[%clk 0:45:47]} Qd7 14. c5 {[%clk 0:35:28]} Bxf3 {[%clk 0:24:26]} 15. Bxf3
{[%clk 0:31:56]} Bxc5 {[%clk 0:20:38]} 16. Bxc6 {[%clk 0:31:56]} Qxc6
{[%clk 0:20:38]} 17. Qxe5 {[%clk 0:32:12]} Rbe8 {[%clk 0:06:11]} 18. Qf4
{[%clk 0:24:42]} Bd6 {[%clk 0:04:21]} 19. Qc4+ {[%clk 0:24:42]} Qxc4
{[%clk 0:04:21]} 20. dxc4 {[%clk 0:16:48]} b6 21. Rb3 Re4 {[%clk 0:02:42]} 22.
Ba3 {[%clk 0:15:56]} Rxc4 {[%clk 0:00:36]} 23. Bxd6 {[%clk 0:16:20]} cxd6
{[%clk 0:01:05]} 24. Ra3 {[%clk 0:16:38]} Rc7 {[%clk 0:00:38]} 25. Rd1
{[%clk 0:16:37]} Rd8 {[%clk 0:00:40]} 26. Kg2 {[%clk 0:16:51]} g6
{[%clk 0:00:37]} 27. Rd2 Kf7 28. Rad3 {[%clk 0:16:57]} Ke6 {[%clk 0:00:35]} 29.
Re3+ {[%clk 0:17:20]} Kd7 {[%clk 0:00:33]} 30. Kf3 {[%clk 0:17:41]} Rc4
{[%clk 0:00:34]} 31. Rde2 {[%clk 0:17:58]} Kc6 {[%clk 0:00:37]} 32. g4
{[%clk 0:16:43]} fxg4+ {[%clk 0:00:32]} 33. hxg4 {[%clk 0:17:11]} d5
{[%clk 0:00:32]} 34. Re6+ {[%clk 0:17:13]} Rd6 {[%clk 0:00:44]} 35. R6e3
{[%clk 0:17:16]} Ra4 {[%clk 0:00:34]} 36. a3 {[%clk 0:16:38]} Rc4
{[%clk 0:00:42]} 37. Kg3 {[%clk 0:16:54]} a5 {[%clk 0:00:36]} 38. f4
{[%clk 0:16:57]} d4 {[%clk 0:00:36]} 39. Rd3 {[%clk 0:17:21]} b5 {[%clk 0:00:47]}
40. f5 {[%clk 0:17:40]} Rc3 {[%clk 0:00:32]} 41. Kf4 {[%clk 0:16:42]} Rc5
{[%clk 0:01:31]} 42. Rf3 {[%clk 0:41:26]} h5 {[%clk 0:01:01]} 43. Rd3
{[%clk 0:36:22]} hxg4 {[%clk 0:00:54]} 44. fxg6 {[%clk 0:36:46]} Rxg6
{[%clk 0:00:46]} 45. Rxd4 {[%clk 0:37:03]} Rc4 {[%clk 0:00:38]} 46. Rxc4+
{[%clk 0:35:45]} bxc4 {[%clk 0:01:07]} 47. Rg2 {[%clk 0:35:55]} g3
{[%clk 0:00:38]} 48. a4 {[%clk 0:33:39]} c3 {[%clk 0:00:34]} 49. Rg1
{[%clk 0:32:30]} Kd5 {[%clk 0:00:40]} 50. Ke3 {[%clk 0:32:36]} Kc4
{[%clk 0:00:54]} 51. Ke2 {[%clk 0:32:25]} g2 {[%clk 0:00:41]} 52. Ke3
{[%clk 0:32:42]} Rg4 {[%clk 0:00:37]} 53. Kf3 {[%clk 0:33:01]} Rg7
{[%clk 0:00:36]} 54. Kf4 {[%clk 0:32:56]} Kb4 {[%clk 0:00:39]} 55. Ke4
{[%clk 0:33:21]} Kc4 {[%clk 0:00:35]} 56. Kf4 {[%clk 0:33:45]} Kb4
{[%clk 0:00:48]} 57. Ke3 {[%clk 0:34:05]} Ka3 {[%clk 0:00:54]} 58. Kd4
{[%clk 0:34:12]} Kb2 {[%clk 0:01:18]} 59. Kd3 {[%clk 0:34:40]} Rg3+
{[%clk 0:01:36]} 0-1

[Event "MSR_ch20"]
[Site "?"]
[Date "2024.04.11"]
[Round "8.7"]
[White "Sevcik, Matej"]
[Black "Compel, Daniel"]
[Result "1-0"]
[BlackElo "2220"]
[WhiteElo "2087"]
[LiveChessVersion "1.4.8"]

1. d4 {[%clk 1:30:53]} Nf6 {[%clk 1:30:54]} 2. c4 {[%clk 1:31:16]} e6
{[%clk 1:31:21]} 3. Nc3 {[%clk 1:31:23]} c5 {[%clk 1:31:20]} 4. d5
{[%clk 1:31:37]} exd5 {[%clk 1:31:47]} 5. cxd5 {[%clk 1:32:01]} d6
{[%clk 1:32:15]} 6. Nf3 {[%clk 1:32:23]} g6 {[%clk 1:32:41]} 7. Bf4
{[%clk 1:32:47]} Bg7 {[%clk 1:31:29]} 8. Qa4+ {[%clk 1:33:10]} Bd7
{[%clk 1:27:07]} 9. Qb3 {[%clk 1:33:33]} Qc7 {[%clk 1:24:29]} 10. e4
{[%clk 1:30:08]} O-O {[%clk 1:23:41]} 11. Be2 {[%clk 1:26:24]} Re8
{[%clk 1:09:11]} 12. Nd2 {[%clk 1:23:26]} a6 {[%clk 0:56:22]} 13. a4
{[%clk 1:13:41]} Bg4 {[%clk 0:52:52]} 14. Qd1 {[%clk 1:05:03]} Bxe2
{[%clk 0:51:44]} 15. Qxe2 {[%clk 1:05:17]} Nh5 {[%clk 0:48:48]} 16. Be3
{[%clk 1:04:12]} f5 {[%clk 0:41:13]} 17. f3 {[%clk 0:51:57]} f4 {[%clk 0:40:32]}
18. Bf2 {[%clk 0:51:16]} Nd7 {[%clk 0:38:09]} 19. O-O {[%clk 0:44:37]} b6
{[%clk 0:35:37]} 20. Nc4 {[%clk 0:43:06]} Ne5 {[%clk 0:34:30]} 21. Rfc1
{[%clk 0:36:18]} Nf6 {[%clk 0:33:24]} 22. b4 {[%clk 0:28:55]} Nxc4
{[%clk 0:30:37]} 23. Qxc4 {[%clk 0:28:55]} Nd7 {[%clk 0:30:30]} 24. b5
{[%clk 0:22:55]} Ne5 {[%clk 0:21:06]} 25. Qe2 {[%clk 0:23:10]} a5
{[%clk 0:20:16]} 26. Ra2 {[%clk 0:22:14]} g5 {[%clk 0:17:42]} 27. g4
{[%clk 0:12:33]} h5 {[%clk 0:16:08]} 28. h3 {[%clk 0:12:01]} Kf7 {[%clk 0:15:55]}
29. Nb1 {[%clk 0:03:56]} Rh8 {[%clk 0:15:58]} 30. Ra3 {[%clk 0:02:57]} Rh7
{[%clk 0:14:30]} 31. Kg2 {[%clk 0:02:08]} Rah8 {[%clk 0:14:51]} 32. Nd2
{[%clk 0:02:19]} Qe7 {[%clk 0:14:08]} 33. Nc4 {[%clk 0:02:19]} Nxc4
{[%clk 0:13:49]} 34. Rxc4 {[%clk 0:01:56]} Qe5 {[%clk 0:13:27]} 35. Be1
{[%clk 0:01:41]} Qb2 {[%clk 0:12:40]} 36. Qxb2 {[%clk 0:01:46]} Bxb2
{[%clk 0:13:04]} 37. Rb3 {[%clk 0:01:40]} Bd4 {[%clk 0:12:29]} 38. Bc3
{[%clk 0:01:04]} Bxc3 {[%clk 0:12:58]} 39. Rbxc3 {[%clk 0:01:09]} Kf6
{[%clk 0:13:16]} 40. Rd3 {[%clk 0:00:41]} Ke5 {[%clk 0:13:43]} 41. Rb3
{[%clk 0:27:29]} hxg4 {[%clk 0:36:35]} 42. fxg4 {[%clk 0:27:26]} Rf7
{[%clk 0:37:01]} 43. Rf3 {[%clk 0:27:40]} Re8 {[%clk 0:37:07]} 44. Rd3
{[%clk 0:25:43]} Rfe7 {[%clk 0:35:47]} 45. Rb3 {[%clk 0:25:39]} Kf6
{[%clk 0:34:32]} 46. Kf3 {[%clk 0:25:52]} Rf7 {[%clk 0:34:17]} 47. Kg2
{[%clk 0:25:47]} Rh8 {[%clk 0:33:58]} 48. Rd3 {[%clk 0:25:52]} Kg6
{[%clk 0:34:13]} 49. Rf3 {[%clk 0:25:29]} Re8 {[%clk 0:33:16]} 50. Rd3
{[%clk 0:25:23]} Kf6 {[%clk 0:33:06]} 51. Rb3 {[%clk 0:25:16]} Ke5
{[%clk 0:30:14]} 52. Rf3 {[%clk 0:24:41]} Rg7 {[%clk 0:30:03]} 53. Rd3
{[%clk 0:23:32]} Rh8 {[%clk 0:30:24]} 54. Rb3 {[%clk 0:23:30]} Kf6
{[%clk 0:30:27]} 55. Rd3 {[%clk 0:23:36]} Re7 {[%clk 0:30:41]} 56. Rb3
{[%clk 0:23:46]} Kg6 {[%clk 0:31:03]} 57. Rd3 {[%clk 0:22:03]} Rhe8
{[%clk 0:31:08]} 58. Kf3 {[%clk 0:22:18]} Rf7 {[%clk 0:31:35]} 59. Kg2
{[%clk 0:21:02]} f3+ {[%clk 0:24:29]} 60. Rxf3 {[%clk 0:21:12]} Rxf3
{[%clk 0:24:55]} 61. Kxf3 {[%clk 0:21:32]} Rf8+ {[%clk 0:25:22]} 62. Ke2
{[%clk 0:13:49]} Rf4 {[%clk 0:25:40]} 63. Ke3 {[%clk 0:09:05]} Kf6
{[%clk 0:23:57]} 64. h4 {[%clk 0:07:31]} Ke5 {[%clk 0:24:20]} 65. hxg5
{[%clk 0:06:02]} Rxg4 {[%clk 0:24:43]} 66. Kf3 {[%clk 0:06:04]} Rxg5
{[%clk 0:25:07]} 67. Rc1 {[%clk 0:05:17]} Rh5 {[%clk 0:25:17]} 68. Rg1
{[%clk 0:04:49]} Rh3+ {[%clk 0:25:41]} 69. Ke2 {[%clk 0:04:12]} Kxe4
{[%clk 0:25:45]} 70. Rg8 {[%clk 0:04:29]} Rh2+ {[%clk 0:25:46]} 71. Ke1
{[%clk 0:04:33]} Kxd5 {[%clk 0:25:44]} 72. Rb8 {[%clk 0:04:52]} Ra2
{[%clk 0:26:05]} 73. Rxb6 {[%clk 0:05:01]} Rxa4 {[%clk 0:26:30]} 74. Ra6
{[%clk 0:04:10]} Kc4 {[%clk 0:19:19]} 75. Rxd6 {[%clk 0:04:23]} Kxb5
{[%clk 0:19:46]} 76. Rd8 {[%clk 0:03:52]} Rd4 {[%clk 0:20:07]} 77. Rb8+
{[%clk 0:04:08]} Kc4 {[%clk 0:19:49]} 78. Ra8 {[%clk 0:04:16]} Kb4
{[%clk 0:20:07]} 79. Rb8+ {[%clk 0:04:34]} Ka4 {[%clk 0:18:39]} 80. Rc8
{[%clk 0:04:11]} c4 {[%clk 0:16:58]} 81. Ke2 {[%clk 0:04:04]} Kb3
{[%clk 0:16:58]} 82. Rb8+ {[%clk 0:03:34]} Kc2 {[%clk 0:17:16]} 83. Ke3
{[%clk 0:03:17]} Rd5 {[%clk 0:17:30]} 84. Ke4 {[%clk 0:03:14]} Rd7
{[%clk 0:17:44]} 85. Ra8 {[%clk 0:03:09]} c3 {[%clk 0:17:51]} 86. Rxa5
{[%clk 0:03:02]} Kd2 {[%clk 0:18:07]} 87. Rh5 {[%clk 0:03:18]} c2
{[%clk 0:18:29]} 88. Rh2+ {[%clk 0:03:43]} Kc3 {[%clk 0:18:49]} 89. Kd5 1-0

[Event "MSR_ch20"]
[Site "?"]
[Date "2024.04.11"]
[Round "8.8"]
[White "Bulej, Matej"]
[Black "Janik, Marek Tobias"]
[Result "1-0"]
[BlackElo "1885"]
[WhiteElo "2067"]
[LiveChessVersion "1.4.8"]

1. d4 {[%clk 1:28:54]} c5 {[%clk 1:30:42]} 2. d5 {[%clk 1:28:06]} e5
{[%clk 1:30:41]} 3. e4 {[%clk 1:26:41]} d6 {[%clk 1:31:07]} 4. g3
{[%clk 1:24:15]} g6 {[%clk 1:29:14]} 5. h4 {[%clk 1:18:55]} h5 {[%clk 1:21:23]}
6. c4 {[%clk 1:16:32]} a6 {[%clk 1:18:34]} 7. a4 {[%clk 1:15:48]} Bg7
{[%clk 1:15:37]} 8. Nc3 {[%clk 1:15:53]} Ne7 {[%clk 1:14:24]} 9. Bh3
{[%clk 1:10:18]} Nd7 {[%clk 0:45:06]} 10. Qe2 {[%clk 1:04:30]} Qc7
{[%clk 0:34:31]} 11. Nf3 {[%clk 1:02:17]} Nf6 {[%clk 0:27:27]} 12. Bxc8
{[%clk 1:00:18]} Qxc8 {[%clk 0:27:53]} 13. Bd2 {[%clk 0:58:39]} O-O
{[%clk 0:26:17]} 14. Ra3 {[%clk 0:47:59]} Qd7 {[%clk 0:23:00]} 15. O-O
{[%clk 0:43:22]} Nh7 {[%clk 0:17:32]} 16. Kh2 {[%clk 0:35:30]} f5
{[%clk 0:15:57]} 17. Ng5 {[%clk 0:33:40]} Nxg5 {[%clk 0:15:43]} 18. Bxg5
{[%clk 0:33:19]} Rf7 {[%clk 0:05:55]} 19. Bxe7 {[%clk 0:28:44]} Qxe7
{[%clk 0:04:12]} 20. exf5 {[%clk 0:29:12]} Rxf5 {[%clk 0:04:34]} 21. Ne4
{[%clk 0:29:21]} Raf8 {[%clk 0:01:23]} 22. Rb3 {[%clk 0:27:21]} Bf6
{[%clk 0:00:37]} 23. Kg2 {[%clk 0:20:29]} Qc7 {[%clk 0:00:39]} 24. Qd2
{[%clk 0:16:21]} Kh7 {[%clk 0:00:35]} 25. a5 {[%clk 0:16:32]} Bd8
{[%clk 0:00:41]} 26. Rb6 {[%clk 0:15:02]} Be7 {[%clk 0:00:36]} 27. b4
{[%clk 0:09:44]} Qd7 {[%clk 0:00:33]} 28. bxc5 {[%clk 0:07:39]} dxc5
{[%clk 0:01:01]} 29. d6 {[%clk 0:06:43]} Bxh4 {[%clk 0:00:33]} 30. Nxc5
{[%clk 0:04:00]} Qc8 {[%clk 0:00:47]} 31. Rxb7+ {[%clk 0:04:17]} Kg8
{[%clk 0:01:04]} 32. Qd5+ {[%clk 0:03:57]} Kh8 {[%clk 0:01:22]} 33. d7
{[%clk 0:02:48]} Qd8 {[%clk 0:01:22]} 34. Ne6 {[%clk 0:03:01]} 1-0

[Event "MSR_ch20"]
[Site "?"]
[Date "2024.04.11"]
[Round "8.9"]
[White "Straka, Simon"]
[Black "Babjak, Samuel"]
[Result "1-0"]
[BlackElo "1870"]
[WhiteElo "2025"]
[LiveChessVersion "1.4.8"]

1. c4 {[%clk 1:30:49]} e6 {[%clk 1:30:52]} 2. Nf3 {[%clk 1:29:26]} Nf6
{[%clk 1:30:58]} 3. g3 {[%clk 1:29:49]} b6 {[%clk 1:30:58]} 4. Bg2
{[%clk 1:29:53]} Bb7 {[%clk 1:31:22]} 5. Nc3 {[%clk 1:29:27]} Be7
{[%clk 1:28:18]} 6. O-O {[%clk 1:29:18]} O-O {[%clk 1:28:42]} 7. d4
{[%clk 1:29:06]} Ne4 {[%clk 1:28:03]} 8. Qc2 {[%clk 1:26:12]} Nxc3
{[%clk 1:24:04]} 9. bxc3 {[%clk 1:25:00]} c5 {[%clk 1:21:57]} 10. e4
{[%clk 1:17:58]} Nc6 {[%clk 1:19:18]} 11. Be3 {[%clk 1:15:25]} Na5
{[%clk 1:16:17]} 12. Nd2 {[%clk 1:12:22]} Rc8 {[%clk 1:09:15]} 13. Rac1
{[%clk 1:03:15]} cxd4 {[%clk 0:55:05]} 14. cxd4 {[%clk 1:02:53]} d5
{[%clk 0:55:28]} 15. Qa4 {[%clk 0:42:00]} dxc4 {[%clk 0:52:06]} 16. Nxc4
{[%clk 0:39:39]} Rxc4 {[%clk 0:44:18]} 17. Rxc4 {[%clk 0:39:48]} Nxc4
{[%clk 0:44:42]} 18. Qxc4 {[%clk 0:40:08]} Qd7 {[%clk 0:41:39]} 19. Qb3
{[%clk 0:36:49]} Rc8 {[%clk 0:39:40]} 20. Rd1 {[%clk 0:35:11]} Bc6
{[%clk 0:36:12]} 21. Rc1 {[%clk 0:32:57]} Bb7 {[%clk 0:34:33]} 22. Rxc8+
{[%clk 0:30:38]} Bxc8 {[%clk 0:33:53]} 23. d5 {[%clk 0:21:24]} exd5
{[%clk 0:32:45]} 24. exd5 {[%clk 0:21:32]} Bd6 {[%clk 0:32:01]} 25. Bf1
{[%clk 0:16:21]} Bb7 {[%clk 0:29:45]} 26. Bg2 {[%clk 0:11:36]} Ba6
{[%clk 0:27:20]} 27. Qc2 {[%clk 0:10:26]} Qb5 {[%clk 0:19:42]} 28. Qe4
{[%clk 0:08:00]} Qd3 {[%clk 0:12:06]} 29. Qe8+ {[%clk 0:08:01]} Bf8
{[%clk 0:12:31]} 30. h4 {[%clk 0:07:07]} Qa3 {[%clk 0:10:41]} 31. Bf4
{[%clk 0:04:43]} Qe7 {[%clk 0:10:07]} 32. Qxe7 {[%clk 0:02:56]} Bxe7
{[%clk 0:10:32]} 33. Bc7 {[%clk 0:03:18]} Bc4 {[%clk 0:07:17]} 34. d6
{[%clk 0:03:23]} Bxd6 {[%clk 0:06:59]} 35. Bxd6 {[%clk 0:03:47]} Bxa2
{[%clk 0:07:25]} 36. Bf1 {[%clk 0:03:48]} f6 {[%clk 0:06:46]} 37. Bb8
{[%clk 0:03:58]} a5 {[%clk 0:07:08]} 38. Bc7 {[%clk 0:04:21]} a4 {[%clk 0:07:33]}
39. Bxb6 {[%clk 0:04:32]} g5 {[%clk 0:07:29]} 40. Bd3 {[%clk 0:02:05]} Bb3
{[%clk 0:07:41]} 41. h5 {[%clk 0:18:35]} a3 {[%clk 0:34:24]} 42. h6
{[%clk 0:17:17]} a2 {[%clk 0:34:26]} 43. Bd4 {[%clk 0:17:39]} Kf7
{[%clk 0:34:48]} 1-0

[Event "MSR_ch20"]
[Site "?"]
[Date "2024.04.11"]
[Round "8.10"]
[White "Paluska, Karol"]
[Black "Rak, Martin"]
[Result "1/2-1/2"]
[BlackElo "2221"]
[WhiteElo "2015"]
[LiveChessVersion "1.4.8"]

1. Nf3 {[%clk 1:22:48]} g6 {[%clk 1:30:55]} 2. g3 {[%clk 1:23:11]} Bg7
{[%clk 1:31:19]} 3. Bg2 {[%clk 1:23:34]} e5 {[%clk 1:31:44]} 4. d3
{[%clk 1:23:11]} Ne7 {[%clk 1:31:19]} 5. c4 {[%clk 1:23:20]} O-O {[%clk 1:30:55]}
6. Nc3 {[%clk 1:23:29]} c5 {[%clk 1:30:56]} 7. Bd2 {[%clk 1:16:12]} Nbc6
{[%clk 1:30:40]} 8. Qc1 {[%clk 1:16:27]} d6 {[%clk 1:28:33]} 9. h4
{[%clk 1:06:43]} h5 {[%clk 1:18:20]} 10. Ng5 {[%clk 1:04:39]} a6 {[%clk 1:12:11]}
11. Nge4 {[%clk 0:58:09]} Nd4 {[%clk 1:01:05]} 12. Bg5 {[%clk 0:50:53]} f6
{[%clk 0:58:14]} 13. Bd2 {[%clk 0:51:15]} Rb8 {[%clk 0:56:57]} 14. e3
{[%clk 0:47:01]} Ne6 {[%clk 0:53:52]} 15. a4 {[%clk 0:44:23]} f5 {[%clk 0:50:13]}
16. Ng5 {[%clk 0:44:42]} Nxg5 {[%clk 0:50:34]} 17. hxg5 {[%clk 0:45:10]} Be6
{[%clk 0:50:04]} 18. f4 {[%clk 0:42:57]} Re8 {[%clk 0:47:41]} 19. Kf2
{[%clk 0:40:23]} Qd7 {[%clk 0:41:25]} 20. Qc2 {[%clk 0:39:24]} Rbd8
{[%clk 0:34:48]} 21. Rad1 {[%clk 0:39:36]} exf4 {[%clk 0:30:42]} 22. gxf4
{[%clk 0:39:36]} d5 {[%clk 0:28:40]} 23. cxd5 {[%clk 0:39:36]} Nxd5
{[%clk 0:29:03]} 24. Nxd5 {[%clk 0:39:46]} Bxd5 {[%clk 0:29:30]} 25. Bxd5+
{[%clk 0:40:00]} Qxd5 {[%clk 0:29:51]} 26. Bc3 {[%clk 0:40:27]} b5
{[%clk 0:27:44]} 27. Bxg7 {[%clk 0:36:02]} Kxg7 {[%clk 0:28:09]} 28. Qc3+
{[%clk 0:36:29]} Kg8 {[%clk 0:22:12]} 29. axb5 {[%clk 0:25:30]} axb5
{[%clk 0:22:29]} 30. b3 {[%clk 0:25:56]} Re6 {[%clk 0:18:17]} 31. Rhe1
{[%clk 0:20:39]} Red6 {[%clk 0:17:15]} 32. e4 {[%clk 0:15:43]} Qd4+
{[%clk 0:13:33]} 33. Qxd4 {[%clk 0:16:06]} Rxd4 {[%clk 0:14:03]} 34. Rc1
{[%clk 0:10:14]} Rxd3 {[%clk 0:11:08]} 35. exf5 {[%clk 0:10:34]} R8d4
{[%clk 0:08:51]} 36. Rxc5 {[%clk 0:09:29]} Rxf4+ {[%clk 0:09:07]} 37. Ke2
{[%clk 0:09:47]} Rxb3 {[%clk 0:08:59]} 38. f6 {[%clk 0:06:58]} Re4+
{[%clk 0:06:16]} 39. Kf2 {[%clk 0:06:25]} Rf4+ {[%clk 0:02:10]} 40. Kg1
{[%clk 0:04:30]} Rg4+ {[%clk 0:02:28]} 41. Kf2 {[%clk 0:04:25]} Rf4+
{[%clk 0:01:23]} 42. Kg1 {[%clk 0:04:45]} Rg4+ {[%clk 0:00:57]} 43. Kf2
{[%clk 0:05:07]} Rf4+ {[%clk 0:00:59]} 1/2-1/2